000
00474nam a2200181Ia 4500
008
100917s9999 xx 000 0 und d
082
_b
33180
100
_a
---
245
_a
अमृतवाणी
260
_b
रामकृष्ण आश्रम
300
_a
91
365
_b
0.5
520
_a
अध्यात्म
630
_a
अमृतवाणी
650
_a
अध्यात्म
730
_a
अमृतवाणी
942
_c
BOOK
999
_c
638574
_d
638571